História da égua branca (Registo nº 2189)

Detalhes MARC
000 -Etiqueta do registo
Cabeçalho 00810nam a22002891 4500
005 - Identificador da versão
Campo de controlo 20240813121927.0
010 ## - Número internacional normalizado dos livros (ISBN)
Número (ISBN) 9726103525
021 ## - Número do Depósito Legal
Código do país PT
Número 179397/02
100 ## - Dados gerais de processamento
Dados gerais de processamento 20050802d2002 c y0pory5003 ba
102 ## - Pais de publicação ou produção
País de publicação Portugal
101 0# - Língua de publicação
Língua do texto, banda sonora, etc. Português
106 ## - Campo de dados codificados: material textual
Dados codificados do material textual r
105 ## - Campo de dados codificados: livros
Dados codificados dos livros a z 000yy
215 ## - Descrição física 
Indicação específica da natureza do documento e extensão da espécie 16, [12] p.
Outras indicações físicas il.
Dimensões 26 cm
200 1# - Titulo e menção de responsabilidade
Título próprio História da égua branca
Primeira menção de responsabilidade Eugénio de Andrade
-- il. Joana Quental
225 2# - Colecção 
Título próprio da colecção Palmo e meio
Indicação de volume 11
205 ## - Menção da edição
Menção da edição 8ª ed
210 ## - Publicação, Distribuição, etc. 
Lugar da edição, distribuição, etc. Porto
Nome do editor, distribuidor, etc. Campo das Letras
Data da publicação, distribuição, etc. 2002
606 ## - Nome comum usado como assunto
Número de registo de entrada de autoridade 0000029
Palavra de ordem Literatura portuguesa infantil
Subdivisão de assunto Conto
675 ## - Classificação Decimal Universal (CDU)
Notação 821.134.3-34
Edição
Língua da edição por
702 #1 - Nome de autor-pessoa física (responsabilidade secundária)
Número de registo de entrada de autoridade 0000111
Palavra de ordem Quental
Outra parte do nome não tomada para palavra de ordem Joana
Código de função Ilustrador / Técnico de desenho computorizado
700 #1 - Nome de autor-pessoa física (responsabilidade principal)
Número de registo de entrada de autoridade 0001000
Palavra de ordem Andrade
Outra parte do nome não tomada para palavra de ordem Eugénio de
Elementos de identificação ou distinção pseud.
942 ## - Elementos de entrada adicionados (Koha)
Tipo de item no Koha Livro
Exemplares
Situação do levantamento Origin of item (home branch) (coded) Biblioteca de empréstimo Código de barras Cota Circulation type (not for loan) Tipo de documento Nota do exemplar Damaged status
  Biblioteca Escolar da Coca Maravilhas Biblioteca Escolar da Coca Maravilhas BECM6089/03 8POR AND   Livro Sem mensagem  
  Biblioteca Escolar da Coca Maravilhas Biblioteca Escolar da Coca Maravilhas BECM6976/05 8POR AND   Livro Sem mensagem